Loading...
| Fine Arts - Classical Music | 0 | 4 | 2 | 0 | 30 | 31 | 75.75 | 2 | 4 | 0.00 | 0.00 |
| Literature - American | 0 | 1 | 0 | 0 | 10 | 127 | 127.00 | 0 | 0 | 0.00 | 0.00 |
| Literature - World | 0 | 1 | 0 | 1 | 10 | 138 | 138.00 | 0 | 0 | 0.00 | 0.00 |
| Science - Biology | 0 | 1 | 0 | 1 | 10 | 118 | 118.00 | 0 | 0 | 0.00 | 0.00 |
| Science - Other | 0 | 1 | 0 | 0 | 10 | 87 | 87.00 | 0 | 0 | 0.00 | 0.00 |
| Science - Physics | 0 | 1 | 1 | 0 | 5 | 88 | 88.00 | 0 | 0 | 0.00 | 0.00 |
| Fine Arts - Painting and Sculpture | 0 | 0 | 1 | 0 | -5 | 0.00 | 0 | 0 | 0.00 | 0.00 | |
| Geography | 0 | 0 | 1 | 0 | -5 | 0.00 | 0 | 0 | 0.00 | 0.00 | |
| Fine Arts - Other | 0 | 0 | 1 | 0 | -5 | 0.00 | 0 | 0 | 0.00 | 0.00 |